Digitális számítógépek szimulációja A TPA szimulátora /

Elmentve itt :
Bibliográfiai részletek
Szerző: Major Éva
További közreműködők: Dettrich Árpád (Témavezető)
Dokumentumtípus: Szakdolgozat
Megjelent: 1976
Tárgyszavak:
Online Access:http://diploma.bibl.u-szeged.hu/3888
LEADER 00544nta a2200157 i 4500
001 dipl3888
005 20110330082107.0
008 110330s1976 hu om 0|| zxx d
040 |a SZTE Diploma Repozitórium  |b hun 
041 |a zxx 
100 1 |a Major Éva 
245 1 0 |a Digitális számítógépek szimulációja   |h [elektronikus dokumentum] :  |b A TPA szimulátora /  |c Éva Major 
260 |c 1976 
650 4 |a Informatika 
700 1 |a Dettrich Árpád  |e ths 
856 4 0 |u http://diploma.bibl.u-szeged.hu/id/eprint/3888/1/1976_major_eva_274.pdf  |z Dokumentum-elérés